ABC of Major Trauma (Record no. 1393)

MARC details
000 -LEADER
fixed length control field 00549nam a22002057a 4500
003 - CONTROL NUMBER IDENTIFIER
control field OSt
005 - DATE AND TIME OF LATEST TRANSACTION
control field 20210316173610.0
008 - FIXED-LENGTH DATA ELEMENTS--GENERAL INFORMATION
fixed length control field 150410b xxu||||| |||| 00| 0 eng d
020 ## - INTERNATIONAL STANDARD BOOK NUMBER
International Standard Book Number 0727913786
040 ## - CATALOGING SOURCE
Transcribing agency DNLM
082 ## - DEWEY DECIMAL CLASSIFICATION NUMBER
Classification number WO700 A1p 2001
100 ## - MAIN ENTRY--PERSONAL NAME
Personal name Edited by Driscoll, Peter; Skinner, David; Earlman,Richard
9 (RLIN) 13975
245 ## - TITLE STATEMENT
Title ABC of Major Trauma
250 ## - EDITION STATEMENT
Edition statement 3rd ed.
260 ## - PUBLICATION, DISTRIBUTION, ETC. (IMPRINT)
Place of publication, distribution, etc. Malaysia:
Name of publisher, distributor, etc. BMJ Books;
Date of publication, distribution, etc. 2001.
300 ## - PHYSICAL DESCRIPTION
Extent x, 181 p :
Other physical details col.ill;
Dimensions 30 cm.
504 ## - BIBLIOGRAPHY, ETC. NOTE
Bibliography, etc Includes index.
650 ## - SUBJECT ADDED ENTRY--TOPICAL TERM
Topical term or geographic name as entry element Trauma
9 (RLIN) 2825
942 ## - ADDED ENTRY ELEMENTS (KOHA)
Source of classification or shelving scheme Other/Generic Classification Scheme
Koha item type Short Loan
Holdings
Withdrawn status Lost status Source of classification or shelving scheme Damaged status Not for loan Home library Current library Date acquired Source of acquisition Inventory number Total Checkouts Full call number Barcode Date last seen Price effective from Koha item type
    Other/Generic Classification Scheme     MUST Main Library MUST Main Library 10/04/2015   2004/21941   WO 700 A1p 2001 2015-0884 10/04/2015 10/04/2015 Short Loan